Southville International School and Colleges
Your cart is empty.
  • Cart
  • Lists
    Public lists Eva Luna New books Lux_list list_1
    Your lists Log in to create your own lists
  • Log in to your account
  • Your cookies
  • Search history
Southville International School and Colleges
  • Advanced search
  • Recent comments
  • Most popular
  • Libraries

Log in to your account

Log in with GOOGLE


If you do not have an external account, but do have a local account, you can still log in:

  1. Home
  2. MARC view: Farm animals at your fingertips /
Normal view MARC view ISBD view

Farm animals at your fingertips / (Record no. 110256)

[ view plain ]
MARC details
000 -LEADER
fixed length control field 00455nam a2200169 a 4500
001 - CONTROL NUMBER
control field 0467
005 - DATE AND TIME OF LATEST TRANSACTION
control field 20140414131852.0
008 - FIXED-LENGTH DATA ELEMENTS--GENERAL INFORMATION
fixed length control field 040117s19uu xx 00 eng d
020 ## - INTERNATIONAL STANDARD BOOK NUMBER
International Standard Book Number 1-56293-898-3
050 ## - LIBRARY OF CONGRESS CALL NUMBER
Classification number M 636
Item number G24 1997
100 ## - MAIN ENTRY--PERSONAL NAME
Personal name Gave, Marc
245 ## - TITLE STATEMENT
Title Farm animals at your fingertips /
Statement of responsibility, etc Marc Gave.
260 ## - PUBLICATION, DISTRIBUTION, ETC. (IMPRINT)
Place of publication, distribution, etc England :
Name of publisher, distributor, etc McClanahan,
Date of publication, distribution, etc 1997.
300 ## - PHYSICAL DESCRIPTION
Extent p. ; cm.
650 ## - SUBJECT ADDED ENTRY--TOPICAL TERM
Topical term or geographic name as entry element Domestic animals
General subdivision Juvenile literature.
Holdings
Withdrawn status Lost status Damaged status Use restrictions Home library Current library Shelving location Date acquired Source of acquisition Total Checkouts Full call number Barcode Date last seen Price effective from Koha item type
        Munich Library Munich Library Main Section 01/17/2004     M 636 G24 1997 M0597 04/14/2014 04/14/2014 Books

Farm animals at your fingertips /

APA

Gave M., . (1997). Farm animals at your fingertips. England: McClanahan.

Chicago

Gave Marc, . 1997. Farm animals at your fingertips. England: McClanahan.

Harvard

Gave M., . (1997). Farm animals at your fingertips. England: McClanahan.

MLA

Gave Marc, . Farm animals at your fingertips. England: McClanahan. 1997.

  • Place hold
  • Print
  • Cite
  • Add to your cart (remove)
  • Save record
    BIBTEX Dublin Core MARCXML MARC (non-Unicode/MARC-8) MARC (Unicode/UTF-8) MARC (Unicode/UTF-8, Standard) MODS (XML) RIS
  • More searches
    Search for this title in:
    Other Libraries (WorldCat) Other Databases (Google Scholar) Online Stores (Bookfinder.com) Open Library (openlibrary.org)

Exporting to Dublin Core...

SOUTHVILLE LIBRARY

Southville International School and Colleges Library

1281 Tropical Ave. Cor. Luxembourg St., BF Homes International, Las Pinas City

Tel. No. 8256374 / 252358 Loc. 117/146

Powered by Koha